[Event "DVM U16w 2023"]
[Site "Magdeburg GER"]
[Date "2023.12.28"]
[Round "4"]
[White "Prokscha, Charlotte"]
[Black "Reddi, Bhuvana"]
[Result "1/2-1/2"]
[Termination "normal"]
[Board "5.1"]
[WhiteElo "1341"]
[BlackElo "1565"]
[WhiteClock "00:16:23"]
[BlackClock "00:20:10"]
[WhiteTeam "SC Garching 1980"]
[BlackTeam "SC Weisse Dame"]
[PlyCount "58"]
[WhiteFideId "34614699"]
[BlackFideId "16287002"]
[EventCountry "GER"]
[EventRounds "7"]
[EventType "team-swiss"]
[EventDate "2023.12.26"]

1. d4 {[%clk 01:30:58]} {[%emt 00:00:02]} Nf6 {[%clk 01:30:49]} {[%emt
00:00:11]} 2. c4 {[%clk 01:31:19]} {[%emt 00:00:08]} g6 {[%clk 01:31:16]}
{[%emt 00:00:04]} 3. Nc3 {[%clk 01:31:26]} {[%emt 00:00:24]} Bg7 {[%clk
01:31:41]} {[%emt 00:00:04]} 4. Nf3 {[%clk 01:31:44]} {[%emt 00:00:13]} O-O
{[%clk 01:32:00]} {[%emt 00:00:11]} 5. e3 {[%clk 01:31:30]} {[%emt 00:00:43]}
d6 {[%clk 01:32:19]} {[%emt 00:00:11]} 6. Be2 {[%clk 01:31:37]} {[%emt
00:00:22]} Nbd7 {[%clk 01:32:46]} {[%emt 00:00:04]} 7. O-O {[%clk 01:31:31]}
{[%emt 00:00:37]} Re8 {[%clk 01:32:44]} {[%emt 00:00:31]} 8. Bd2 {[%clk
01:30:41]} {[%emt 00:01:20]} e5 {[%clk 01:33:08]} {[%emt 00:00:06]} 9. dxe5
{[%clk 01:30:13]} {[%emt 00:00:58]} Nxe5 {[%clk 01:33:18]} {[%emt 00:00:21]}
10. Rc1 {[%clk 01:29:25]} {[%emt 00:01:16]} Nfd7 {[%clk 01:32:55]} {[%emt
00:00:54]} 11. Re1 {[%clk 01:17:54]} {[%emt 00:12:00]} Nc5 {[%clk 01:32:55]}
{[%emt 00:00:29]} 12. Nxe5 {[%clk 01:17:39]} {[%emt 00:00:46]} dxe5 {[%clk
01:33:01]} {[%emt 00:00:24]} 13. b4 {[%clk 01:08:09]} {[%emt 00:10:00]} Ne6
{[%clk 01:31:28]} {[%emt 00:02:02]} 14. Qc2 {[%clk 01:03:58]} {[%emt 00:04:41]}
Qh4 {[%clk 01:29:27]} {[%emt 00:02:32]} 15. Qe4 {[%clk 00:55:27]} {[%emt
00:09:01]} Qxe4 {[%clk 01:26:26]} {[%emt 00:03:32]} 16. Nxe4 {[%clk 00:55:20]}
{[%emt 00:00:37]} Bd7 {[%clk 01:17:45]} {[%emt 00:09:11]} 17. Bc3 {[%clk
00:53:03]} {[%emt 00:02:45]} Rad8 {[%clk 01:17:32]} {[%emt 00:00:43]} 18. h3
{[%clk 00:50:14]} {[%emt 00:03:21]} Bc6 {[%clk 01:12:00]} {[%emt 00:06:01]} 19.
Ng3 {[%clk 00:47:40]} {[%emt 00:03:06]} a6 {[%clk 01:12:11]} {[%emt 00:00:19]}
20. Rf1 {[%clk 00:45:35]} {[%emt 00:02:34]} e4 {[%clk 01:08:38]} {[%emt
00:04:03]} 21. Bxg7 {[%clk 00:45:01]} {[%emt 00:01:04]} Nxg7 {[%clk 01:08:33]}
{[%emt 00:00:35]} 22. b5 {[%clk 00:37:33]} {[%emt 00:07:58]} Bd7 {[%clk
01:08:30]} {[%emt 00:00:32]} 23. Rfd1 {[%clk 00:37:25]} {[%emt 00:00:38]} f5
{[%clk 00:54:02]} {[%emt 00:14:58]} 24. bxa6 {[%clk 00:35:29]} {[%emt
00:02:26]} bxa6 {[%clk 00:53:04]} {[%emt 00:01:29]} 25. c5 {[%clk 00:31:33]}
{[%emt 00:04:26]} a5 {[%clk 00:34:57]} {[%emt 00:18:37]} 26. c6 {[%clk
00:27:22]} {[%emt 00:04:42]} Be6 {[%clk 00:34:38]} {[%emt 00:00:48]} 27. a3
{[%clk 00:23:04]} {[%emt 00:04:49]} Bb3 {[%clk 00:28:39]} {[%emt 00:06:29]} 28.
Rd7 {[%clk 00:19:08]} {[%emt 00:04:25]} Ne6 {[%clk 00:21:15]} {[%emt 00:07:55]}
29. Bb5 {[%clk 00:16:23]} {[%emt 00:03:15]} a4 {[%clk 00:20:10]} {[%emt
00:01:35]} 1/2-1/2

[Event "DVM U16w 2023"]
[Site "Magdeburg GER"]
[Date "2023.12.28"]
[Round "4"]
[White "Huber, Laura"]
[Black "Bauer, Sophia"]
[Result "1-0"]
[Termination "normal"]
[Board "5.3"]
[WhiteElo "1417"]
[BlackElo "1121"]
[WhiteClock "00:30:54"]
[BlackClock "00:35:47"]
[WhiteTeam "SC Garching 1980"]
[BlackTeam "SC Weisse Dame"]
[PlyCount "109"]
[WhiteFideId "16270940"]
[BlackFideId "34620583"]
[EventCountry "GER"]
[EventRounds "7"]
[EventType "team-swiss"]
[EventDate "2023.12.26"]

1. e4 {[%clk 01:30:56]} {[%emt 00:00:03]} e5 {[%clk 01:30:59]} {[%emt
00:00:03]} 2. Nc3 {[%clk 01:31:15]} {[%emt 00:00:11]} Nf6 {[%clk 01:31:20]}
{[%emt 00:00:09]} 3. f4 {[%clk 01:31:38]} {[%emt 00:00:06]} exf4 {[%clk
01:29:23]} {[%emt 00:02:28]} 4. e5 {[%clk 01:31:53]} {[%emt 00:00:14]} Ng8
{[%clk 01:28:11]} {[%emt 00:01:42]} 5. Nf3 {[%clk 01:32:13]} {[%emt 00:00:11]}
d6 {[%clk 01:26:52]} {[%emt 00:01:49]} 6. d4 {[%clk 01:31:57]} {[%emt
00:00:45]} dxe5 {[%clk 01:25:43]} {[%emt 00:01:40]} 7. Qe2 {[%clk 01:30:59]}
{[%emt 00:01:27]} Be6 {[%clk 01:21:20]} {[%emt 00:04:54]} 8. dxe5 {[%clk
01:29:22]} {[%emt 00:02:08]} Nc6 {[%clk 01:17:52]} {[%emt 00:03:58]} 9. Bxf4
{[%clk 01:25:21]} {[%emt 00:04:30]} Bb4 {[%clk 01:15:19]} {[%emt 00:03:03]} 10.
Bd2 {[%clk 01:17:45]} {[%emt 00:08:07]} Nd4 {[%clk 01:09:09]} {[%emt 00:06:39]}
11. Nxd4 {[%clk 01:08:00]} {[%emt 00:10:15]} Qxd4 {[%clk 01:08:26]} {[%emt
00:01:12]} 12. h3 {[%clk 01:01:33]} {[%emt 00:06:57]} O-O-O {[%clk 01:05:56]}
{[%emt 00:03:00]} 13. O-O-O {[%clk 00:58:16]} {[%emt 00:03:48]} Bxc3 {[%clk
01:02:04]} {[%emt 00:04:21]} 14. Bxc3 {[%clk 00:56:59]} {[%emt 00:01:48]} Qxd1+
{[%clk 01:02:06]} {[%emt 00:00:27]} 15. Qxd1 {[%clk 00:57:28]} {[%emt
00:00:01]} Rxd1+ {[%clk 01:02:20]} {[%emt 00:00:15]} 16. Kxd1 {[%clk 00:57:57]}
{[%emt 00:00:02]} Ne7 {[%clk 01:02:17]} {[%emt 00:00:33]} 17. Bd3 {[%clk
00:56:40]} {[%emt 00:01:47]} Nd5 {[%clk 01:00:40]} {[%emt 00:02:06]} 18. Bd2
{[%clk 00:56:26]} {[%emt 00:00:44]} Re8 {[%clk 00:58:15]} {[%emt 00:02:55]} 19.
Re1 {[%clk 00:55:48]} {[%emt 00:01:08]} c6 {[%clk 00:53:44]} {[%emt 00:05:01]}
20. a3 {[%clk 00:53:34]} {[%emt 00:02:45]} h6 {[%clk 00:52:24]} {[%emt
00:01:49]} 21. c4 {[%clk 00:49:00]} {[%emt 00:05:05]} Nb6 {[%clk 00:49:54]}
{[%emt 00:03:00]} 22. b3 {[%clk 00:48:28]} {[%emt 00:01:02]} Nd7 {[%clk
00:39:45]} {[%emt 00:10:39]} 23. Bb4 {[%clk 00:41:57]} {[%emt 00:07:01]} Rd8
{[%clk 00:35:49]} {[%emt 00:04:26]} 24. Kc2 {[%clk 00:37:18]} {[%emt 00:05:08]}
c5 {[%clk 00:34:38]} {[%emt 00:01:42]} 25. Bc3 {[%clk 00:37:12]} {[%emt
00:00:36]} Nf8 {[%clk 00:28:09]} {[%emt 00:06:59]} 26. Re3 {[%clk 00:25:53]}
{[%emt 00:11:50]} Kc7 {[%clk 00:23:59]} {[%emt 00:04:40]} 27. Rg3 {[%clk
00:22:07]} {[%emt 00:04:16]} g6 {[%clk 00:22:00]} {[%emt 00:02:29]} 28. Rf3
{[%clk 00:21:23]} {[%emt 00:01:13]} Nh7 {[%clk 00:18:44]} {[%emt 00:03:47]} 29.
h4 {[%clk 00:20:47]} {[%emt 00:01:06]} Nf8 {[%clk 00:16:00]} {[%emt 00:03:12]}
30. Bd2 {[%clk 00:08:49]} {[%emt 00:12:30]} h5 {[%clk 00:14:33]} {[%emt
00:01:58]} 31. Bh6 {[%clk 00:08:39]} {[%emt 00:00:39]} Kd7 {[%clk 00:13:13]}
{[%emt 00:01:49]} 32. Bxf8 {[%clk 00:06:12]} {[%emt 00:02:58]} Rxf8 {[%clk
00:13:34]} {[%emt 00:00:08]} 33. Bxg6 {[%clk 00:06:05]} {[%emt 00:00:37]} Bg4
{[%clk 00:11:16]} {[%emt 00:02:48]} 34. Rxf7+ {[%clk 00:05:09]} {[%emt
00:01:26]} Rxf7 {[%clk 00:11:10]} {[%emt 00:00:35]} 35. Bxf7 {[%clk 00:05:39]}
Ke7 {[%clk 00:10:12]} {[%emt 00:01:29]} 36. Bd5 {[%clk 00:05:52]} {[%emt
00:00:17]} b6 {[%clk 00:10:34]} {[%emt 00:00:08]} 37. b4 {[%clk 00:05:06]}
{[%emt 00:01:17]} cxb4 {[%clk 00:10:34]} {[%emt 00:00:30]} 38. axb4 {[%emt
00:00:05]} Be6 {[%clk 00:10:30]} {[%emt 00:00:32]} 39. Kd3 {[%clk 00:04:25]}
{[%emt 00:01:38]} Bf5+ {[%clk 00:09:01]} {[%emt 00:01:59]} 40. Be4 {[%clk
00:00:46]} {[%emt 00:04:09]} Bxe4+ {[%clk 00:06:08]} {[%emt 00:03:22]} 41. Kxe4
{[%clk 00:01:15]} {[%emt 00:00:01]} a5 {[%clk 00:05:53]} {[%emt 00:00:45]} 42.
bxa5 {[%clk 00:27:06]} {[%emt 00:04:40]} bxa5 {[%clk 00:36:12]} {[%emt
00:00:10]} 43. Kd4 {[%clk 00:27:06]} {[%emt 00:00:31]} a4 {[%clk 00:35:14]}
{[%emt 00:01:27]} 44. Kc3 {[%clk 00:27:13]} {[%emt 00:00:22]} a3 {[%clk
00:35:21]} {[%emt 00:00:23]} 45. Kb3 {[%clk 00:27:31]} {[%emt 00:00:11]} a2
{[%clk 00:35:45]} {[%emt 00:00:07]} 46. Kxa2 {[%clk 00:27:54]} {[%emt
00:00:08]} Ke6 {[%clk 00:36:04]} {[%emt 00:00:10]} 47. Kb3 {[%clk 00:28:18]}
{[%emt 00:00:07]} Kxe5 {[%clk 00:36:32]} {[%emt 00:00:01]} 48. Kb4 {[%clk
00:28:41]} {[%emt 00:00:07]} Kd6 {[%clk 00:36:55]} {[%emt 00:00:06]} 49. Kb5
{[%clk 00:28:58]} {[%emt 00:00:15]} Kc7 {[%clk 00:36:16]} {[%emt 00:01:09]} 50.
Kc5 {[%clk 00:29:21]} {[%emt 00:00:06]} Kd7 {[%clk 00:35:30]} {[%emt 00:01:16]}
51. Kb6 {[%clk 00:29:26]} {[%emt 00:00:25]} Kc8 {[%clk 00:34:54]} {[%emt
00:01:05]} 52. Kc6 {[%clk 00:29:49]} {[%emt 00:00:08]} Kd8 {[%clk 00:35:13]}
{[%emt 00:00:12]} 53. Kb7 {[%clk 00:30:05]} {[%emt 00:00:13]} Kd7 {[%clk
00:35:35]} {[%emt 00:00:07]} 54. c5 {[%clk 00:30:31]} {[%emt 00:00:05]} Kd8
{[%clk 00:35:47]} {[%emt 00:00:17]} 55. c6 {[%clk 00:30:54]} {[%emt 00:00:08]}
1-0

[Event "DVM U16w 2023"]
[Site "Magdeburg GER"]
[Date "2023.12.28"]
[Round "4"]
[White "Kremling, Alamea"]
[Black "Muhina, Alina"]
[Result "1/2-1/2"]
[Termination "normal"]
[Board "5.4"]
[WhiteElo "1006"]
[BlackElo "1210"]
[WhiteClock "00:22:18"]
[BlackClock "00:23:34"]
[WhiteTeam "SC Weisse Dame"]
[BlackTeam "SC Garching 1980"]
[PlyCount "46"]
[WhiteFideId "34630228"]
[BlackFideId "16298322"]
[EventCountry "GER"]
[EventRounds "7"]
[EventType "team-swiss"]
[EventDate "2023.12.26"]

1. d4 {[%clk 01:30:59]} d5 {[%clk 01:30:54]} {[%emt 00:00:07]} 2. c4 {[%clk
01:31:12]} {[%emt 00:00:17]} e6 {[%clk 01:30:53]} {[%emt 00:00:31]} 3. Bf4
{[%clk 01:31:24]} {[%emt 00:00:16]} f5 {[%clk 01:31:16]} {[%emt 00:00:07]} 4.
e3 {[%clk 01:30:48]} {[%emt 00:01:07]} Nf6 {[%clk 01:31:35]} {[%emt 00:00:11]}
5. Nf3 {[%clk 01:29:52]} {[%emt 00:01:25]} Be7 {[%clk 01:31:41]} {[%emt
00:00:25]} 6. Nbd2 {[%clk 01:29:29]} {[%emt 00:00:52]} O-O {[%clk 01:31:13]}
{[%emt 00:00:58]} 7. Be2 {[%clk 01:28:29]} {[%emt 00:01:29]} c6 {[%clk
01:31:07]} {[%emt 00:00:37]} 8. O-O {[%clk 01:28:12]} {[%emt 00:00:46]} Nbd7
{[%clk 01:31:25]} {[%emt 00:00:14]} 9. a3 {[%clk 01:26:05]} {[%emt 00:02:36]}
Ne4 {[%clk 01:30:02]} {[%emt 00:01:53]} 10. Ne5 {[%clk 01:21:43]} {[%emt
00:04:53]} g5 {[%clk 01:26:32]} {[%emt 00:04:01]} 11. Nxd7 {[%clk 01:18:05]}
{[%emt 00:04:07]} Bxd7 {[%clk 01:26:36]} {[%emt 00:00:27]} 12. Be5 {[%clk
01:18:00]} {[%emt 00:00:34]} g4 {[%clk 01:26:15]} {[%emt 00:00:51]} 13. cxd5
{[%clk 01:12:08]} {[%emt 00:06:22]} Nxd2 {[%clk 01:21:51]} {[%emt 00:04:54]}
14. dxe6 {[%clk 01:05:40]} {[%emt 00:06:58]} Bxe6 {[%clk 01:09:38]} {[%emt
00:12:43]} 15. Qxd2 {[%clk 01:05:09]} {[%emt 00:01:02]} h5 {[%clk 01:08:10]}
{[%emt 00:01:58]} 16. f3 {[%clk 00:59:40]} {[%emt 00:06:00]} Bd6 {[%clk
01:00:00]} {[%emt 00:08:40]} 17. Bxd6 {[%clk 00:49:29]} {[%emt 00:10:41]} Qxd6
{[%clk 01:00:12]} {[%emt 00:00:18]} 18. fxg4 {[%clk 00:40:19]} {[%emt
00:09:39]} hxg4 {[%clk 00:58:42]} {[%emt 00:02:01]} 19. Rac1 {[%clk 00:31:30]}
{[%emt 00:09:19]} Bd5 {[%clk 00:39:47]} {[%emt 00:19:24]} 20. Bc4 {[%clk
00:25:16]} {[%emt 00:06:44]} Bxc4 {[%clk 00:38:02]} {[%emt 00:02:15]} 21. Rxc4
{[%clk 00:25:01]} {[%emt 00:00:45]} Rae8 {[%clk 00:35:01]} {[%emt 00:03:32]}
22. Rc5 {[%clk 00:22:36]} {[%emt 00:02:55]} Qe6 {[%clk 00:28:19]} {[%emt
00:07:12]} 23. Re5 {[%clk 00:22:18]} {[%emt 00:00:47]} Qg6 {[%clk 00:23:34]}
{[%emt 00:05:15]} 1/2-1/2

[Event "DVM U16w 2023"]
[Site "Magdeburg GER"]
[Date "2023.12.28"]
[Round "4"]
[White "Göb, Franziska"]
[Black "Hubert, Charlotte"]
[Result "0-1"]
[Termination "normal"]
[Board "6.1"]
[WhiteElo "1316"]
[BlackElo "1809"]
[WhiteClock "00:18:53"]
[BlackClock "00:20:14"]
[WhiteTeam "SG Porz 2"]
[BlackTeam "Hamburger SK 1830"]
[PlyCount "58"]
[WhiteFideId "16293177"]
[BlackFideId "16265920"]
[EventCountry "GER"]
[EventRounds "7"]
[EventType "team-swiss"]
[EventDate "2023.12.26"]

1. e4 {[%clk 01:30:58]} c5 {[%clk 01:30:52]} {[%emt 00:00:09]} 2. Nf3 {[%clk
01:31:21]} {[%emt 00:00:07]} d6 {[%clk 01:31:16]} {[%emt 00:00:05]} 3. Bb5+
{[%clk 01:31:46]} {[%emt 00:00:05]} Nd7 {[%clk 01:31:34]} {[%emt 00:00:12]} 4.
c4 {[%clk 01:31:27]} {[%emt 00:00:51]} Ngf6 {[%clk 01:29:12]} {[%emt 00:02:51]}
5. Nc3 {[%clk 01:29:32]} {[%emt 00:02:25]} a6 {[%clk 01:26:19]} {[%emt
00:03:22]} 6. Ba4 {[%clk 01:28:39]} {[%emt 00:01:23]} e5 {[%clk 01:24:39]}
{[%emt 00:02:11]} 7. d3 {[%clk 01:27:08]} {[%emt 00:02:00]} Be7 {[%clk
01:24:50]} {[%emt 00:00:19]} 8. O-O {[%clk 01:25:49]} {[%emt 00:01:50]} O-O
{[%clk 01:24:41]} {[%emt 00:00:37]} 9. h3 {[%clk 01:24:54]} {[%emt 00:01:27]}
Nb8 {[%clk 01:20:35]} {[%emt 00:04:35]} 10. Be3 {[%clk 01:17:59]} {[%emt
00:07:26]} Nc6 {[%clk 01:17:36]} {[%emt 00:03:28]} 11. Ne2 {[%clk 01:12:49]}
{[%emt 00:05:40]} Rb8 {[%clk 01:04:23]} {[%emt 00:13:42]} 12. Rb1 {[%clk
01:00:37]} {[%emt 00:12:42]} b5 {[%clk 01:02:37]} {[%emt 00:02:17]} 13. Bc2
{[%clk 00:56:18]} {[%emt 00:04:47]} bxc4 {[%clk 00:59:14]} {[%emt 00:03:54]}
14. dxc4 {[%clk 00:56:30]} {[%emt 00:00:18]} Nd4 {[%clk 00:57:11]} {[%emt
00:02:33]} 15. Nfxd4 {[%clk 00:51:17]} {[%emt 00:05:43]} exd4 {[%clk 00:54:24]}
{[%emt 00:03:17]} 16. Bd2 {[%clk 00:48:19]} {[%emt 00:03:27]} Bb7 {[%clk
00:52:30]} {[%emt 00:02:26]} 17. Ng3 {[%clk 00:45:26]} {[%emt 00:03:22]} Re8
{[%clk 00:45:38]} {[%emt 00:07:22]} 18. Re1 {[%clk 00:42:33]} {[%emt 00:03:24]}
Bf8 {[%clk 00:43:59]} {[%emt 00:02:09]} 19. Qf3 {[%clk 00:38:17]} {[%emt
00:04:44]} Nd7 {[%clk 00:40:13]} {[%emt 00:04:17]} 20. Qe2 {[%clk 00:33:28]}
{[%emt 00:05:17]} d5 {[%clk 00:37:42]} {[%emt 00:03:04]} 21. cxd5 {[%clk
00:31:34]} {[%emt 00:02:24]} Bxd5 {[%clk 00:29:47]} {[%emt 00:08:26]} 22. Qxa6
{[%clk 00:28:26]} {[%emt 00:03:37]} Re6 {[%clk 00:26:55]} {[%emt 00:03:21]} 23.
Qd3 {[%clk 00:24:19]} {[%emt 00:04:34]} Ne5 {[%clk 00:26:31]} {[%emt 00:00:58]}
24. Qe2 {[%clk 00:22:39]} {[%emt 00:02:08]} Bxa2 {[%clk 00:26:26]} {[%emt
00:00:37]} 25. Rbc1 {[%clk 00:21:17]} {[%emt 00:01:49]} d3 {[%clk 00:25:55]}
{[%emt 00:01:05]} 26. Qh5 {[%clk 00:19:39]} {[%emt 00:02:04]} dxc2 {[%clk
00:22:49]} {[%emt 00:03:39]} 27. Rxc2 {[%clk 00:19:24]} {[%emt 00:00:45]} Bb3
{[%clk 00:22:52]} {[%emt 00:00:27]} 28. Rc3 {[%clk 00:18:42]} {[%emt 00:01:13]}
Qxd2 {[%clk 00:21:58]} {[%emt 00:01:25]} 29. Rec1 {[%clk 00:18:53]} {[%emt
00:00:18]} Nd3 {[%clk 00:20:14]} {[%emt 00:02:12]} 0-1

[Event "DVM U16w 2023"]
[Site "Magdeburg GER"]
[Date "2023.12.28"]
[Round "4"]
[White "Wartenberg, Alissa"]
[Black "Vogt, Luna"]
[Result "1-0"]
[Termination "normal"]
[Board "6.2"]
[WhiteElo "1721"]
[BlackElo "1347"]
[WhiteClock "00:35:49"]
[BlackClock "00:14:09"]
[WhiteTeam "Hamburger SK 1830"]
[BlackTeam "SG Porz 2"]
[PlyCount "73"]
[WhiteFideId "16280741"]
[BlackFideId "34607153"]
[EventCountry "GER"]
[EventRounds "7"]
[EventType "team-swiss"]
[EventDate "2023.12.26"]

1. e4 {[%clk 01:30:58]} {[%emt 00:00:02]} e5 {[%clk 01:30:50]} {[%emt
00:00:10]} 2. Nf3 {[%clk 01:31:25]} {[%emt 00:00:04]} Nc6 {[%clk 01:31:16]}
{[%emt 00:00:04]} 3. Bb5 {[%clk 01:31:50]} {[%emt 00:00:05]} a6 {[%clk
01:31:33]} {[%emt 00:00:12]} 4. Ba4 {[%clk 01:32:16]} {[%emt 00:00:04]} Nf6
{[%clk 01:31:53]} {[%emt 00:00:10]} 5. O-O {[%clk 01:32:42]} {[%emt 00:00:04]}
Be7 {[%clk 01:32:06]} {[%emt 00:00:17]} 6. Re1 {[%clk 01:32:49]} {[%emt
00:00:24]} d6 {[%clk 01:32:10]} {[%emt 00:00:26]} 7. c3 {[%clk 01:33:11]}
{[%emt 00:00:07]} O-O {[%clk 01:32:34]} {[%emt 00:00:06]} 8. h3 {[%clk
01:33:12]} {[%emt 00:00:29]} b5 {[%clk 01:32:38]} {[%emt 00:00:26]} 9. Bc2
{[%clk 01:33:36]} {[%emt 00:00:05]} Re8 {[%clk 01:29:21]} {[%emt 00:03:48]} 10.
d4 {[%clk 01:33:32]} {[%emt 00:00:35]} Bf8 {[%clk 01:28:31]} {[%emt 00:01:19]}
11. Bg5 {[%clk 01:32:41]} {[%emt 00:01:21]} h6 {[%clk 01:28:31]} {[%emt
00:00:30]} 12. Bh4 {[%clk 01:33:05]} {[%emt 00:00:06]} g5 {[%clk 01:27:56]}
{[%emt 00:01:05]} 13. Bg3 {[%clk 01:33:26]} {[%emt 00:00:09]} exd4 {[%clk
01:25:24]} {[%emt 00:03:02]} 14. cxd4 {[%clk 01:33:42]} {[%emt 00:00:14]} Bg7
{[%clk 01:25:41]} {[%emt 00:00:14]} 15. Nbd2 {[%clk 01:31:33]} {[%emt
00:02:37]} Bd7 {[%clk 01:20:26]} {[%emt 00:05:47]} 16. Rc1 {[%clk 01:27:08]}
{[%emt 00:04:55]} Rc8 {[%clk 01:19:40]} {[%emt 00:01:15]} 17. Bd3 {[%clk
01:22:41]} {[%emt 00:04:56]} Nh7 {[%clk 01:14:24]} {[%emt 00:05:47]} 18. Nb3
{[%clk 01:20:30]} {[%emt 00:02:40]} Nf8 {[%clk 01:13:26]} {[%emt 00:01:29]} 19.
e5 {[%clk 01:03:23]} {[%emt 00:17:37]} dxe5 {[%clk 01:09:33]} {[%emt 00:04:22]}
20. Nxe5 {[%clk 01:02:38]} {[%emt 00:01:15]} Ne7 {[%clk 01:08:34]} {[%emt
00:01:30]} 21. Nc5 {[%clk 01:00:51]} {[%emt 00:02:16]} Nd5 {[%clk 01:01:24]}
{[%emt 00:07:41]} 22. Qf3 {[%clk 00:48:03]} {[%emt 00:13:18]} Bxe5 {[%clk
01:00:15]} {[%emt 00:01:39]} 23. Bxe5 {[%clk 00:48:03]} {[%emt 00:00:29]} Bc6
{[%clk 00:49:06]} {[%emt 00:11:40]} 24. Qh5 {[%clk 00:45:10]} {[%emt 00:03:23]}
f6 {[%clk 00:43:27]} {[%emt 00:06:09]} 25. Qxh6 {[%clk 00:43:53]} {[%emt
00:01:46]} fxe5 {[%clk 00:35:34]} {[%emt 00:08:23]} 26. Qxc6 {[%clk 00:43:59]}
{[%emt 00:00:24]} Nb4 {[%clk 00:35:23]} {[%emt 00:00:41]} 27. Qh6 {[%clk
00:43:13]} {[%emt 00:01:15]} Nxd3 {[%clk 00:29:50]} {[%emt 00:06:04]} 28. Nxd3
{[%clk 00:43:36]} {[%emt 00:00:07]} Re6 {[%clk 00:27:53]} {[%emt 00:02:26]} 29.
Qh5 {[%clk 00:43:00]} {[%emt 00:01:07]} exd4 {[%clk 00:25:58]} {[%emt
00:02:25]} 30. Rxe6 {[%clk 00:40:40]} {[%emt 00:02:50]} Nxe6 {[%clk 00:25:37]}
{[%emt 00:00:52]} 31. Qg4 {[%clk 00:40:57]} {[%emt 00:00:12]} Kf7 {[%clk
00:24:25]} {[%emt 00:01:43]} 32. Ne5+ {[%clk 00:40:48]} {[%emt 00:00:38]} Kf6
{[%clk 00:23:43]} {[%emt 00:01:12]} 33. Qe4 {[%clk 00:37:20]} {[%emt 00:03:57]}
c5 {[%clk 00:20:33]} {[%emt 00:03:42]} 34. Qg6+ {[%clk 00:36:09]} {[%emt
00:01:40]} Ke7 {[%clk 00:17:29]} {[%emt 00:03:33]} 35. Qh7+ {[%clk 00:35:03]}
{[%emt 00:01:37]} Kf6 {[%clk 00:16:57]} {[%emt 00:01:02]} 36. Qf7+ {[%clk
00:35:26]} {[%emt 00:00:06]} Kxe5 {[%clk 00:14:09]} {[%emt 00:03:19]} 37. Re1+
{[%clk 00:35:49]} {[%emt 00:00:07]} 1-0

[Event "DVM U16w 2023"]
[Site "Magdeburg GER"]
[Date "2023.12.28"]
[Round "4"]
[White "Popovidou, Laura"]
[Black "Modali, Nikhilamrutha"]
[Result "0-1"]
[Termination "normal"]
[Board "6.3"]
[WhiteElo "1021"]
[BlackElo "1281"]
[WhiteClock "00:25:53"]
[BlackClock "00:31:01"]
[WhiteTeam "SG Porz 2"]
[BlackTeam "Hamburger SK 1830"]
[PlyCount "62"]
[WhiteFideId "16255836"]
[BlackFideId "16282370"]
[EventCountry "GER"]
[EventRounds "7"]
[EventType "team-swiss"]
[EventDate "2023.12.26"]

1. e4 {[%clk 01:30:59]} c5 {[%clk 01:30:53]} {[%emt 00:00:08]} 2. d3 {[%clk
01:31:22]} {[%emt 00:00:06]} e6 {[%clk 01:30:28]} {[%emt 00:00:55]} 3. Bf4
{[%clk 01:30:34]} {[%emt 00:01:19]} Nf6 {[%clk 01:29:09]} {[%emt 00:01:49]} 4.
Nf3 {[%clk 01:30:16]} {[%emt 00:00:49]} Nc6 {[%clk 01:27:33]} {[%emt 00:02:05]}
5. Be2 {[%clk 01:29:52]} {[%emt 00:00:54]} d6 {[%clk 01:22:59]} {[%emt
00:05:04]} 6. h3 {[%clk 01:24:03]} {[%emt 00:06:19]} Nd4 {[%clk 01:17:29]}
{[%emt 00:06:00]} 7. c3 {[%clk 01:21:27]} {[%emt 00:03:05]} Nxe2 {[%clk
01:13:55]} {[%emt 00:04:05]} 8. Qxe2 {[%clk 01:21:15]} {[%emt 00:00:42]} Be7
{[%clk 01:13:36]} {[%emt 00:00:49]} 9. Nbd2 {[%clk 01:18:09]} {[%emt 00:03:36]}
b5 {[%clk 01:09:44]} {[%emt 00:04:21]} 10. d4 {[%clk 01:13:11]} {[%emt
00:05:29]} a6 {[%clk 01:08:16]} {[%emt 00:01:57]} 11. O-O {[%clk 01:12:42]}
{[%emt 00:00:59]} cxd4 {[%clk 01:05:02]} {[%emt 00:03:45]} 12. cxd4 {[%clk
01:13:00]} {[%emt 00:00:11]} Bb7 {[%clk 01:03:09]} {[%emt 00:02:23]} 13. a4
{[%clk 01:00:12]} {[%emt 00:13:18]} b4 {[%clk 00:59:52]} {[%emt 00:03:47]} 14.
Rfd1 {[%clk 00:50:42]} {[%emt 00:10:00]} d5 {[%clk 00:58:15]} {[%emt 00:02:07]}
15. e5 {[%clk 00:50:16]} {[%emt 00:00:56]} Ne4 {[%clk 00:58:10]} {[%emt
00:00:35]} 16. Nf1 {[%clk 00:43:03]} {[%emt 00:07:42]} a5 {[%clk 00:55:14]}
{[%emt 00:03:27]} 17. Qb5+ {[%clk 00:38:44]} {[%emt 00:04:49]} Qd7 {[%clk
00:55:39]} {[%emt 00:00:05]} 18. Qxd7+ {[%clk 00:38:31]} {[%emt 00:00:42]} Kxd7
{[%clk 00:56:04]} {[%emt 00:00:05]} 19. h4 {[%clk 00:36:57]} {[%emt 00:02:03]}
Rac8 {[%clk 00:48:02]} {[%emt 00:08:32]} 20. Rac1 {[%clk 00:33:26]} {[%emt
00:04:01]} Ba6 {[%clk 00:45:18]} {[%emt 00:03:14]} 21. b3 {[%clk 00:33:09]}
{[%emt 00:00:47]} Nc3 {[%clk 00:42:50]} {[%emt 00:02:57]} 22. Rd2 {[%clk
00:33:06]} {[%emt 00:00:33]} Ne2+ {[%clk 00:41:43]} {[%emt 00:01:38]} 23. Rxe2
{[%clk 00:32:26]} {[%emt 00:01:09]} Rxc1 {[%clk 00:40:21]} {[%emt 00:01:52]}
24. Re1 {[%clk 00:29:30]} {[%emt 00:03:27]} Rxe1 {[%clk 00:39:17]} {[%emt
00:01:34]} 25. Nxe1 {[%clk 00:29:52]} {[%emt 00:00:09]} Bxh4 {[%clk 00:39:02]}
{[%emt 00:00:44]} 26. Nd2 {[%clk 00:27:36]} {[%emt 00:02:46]} Rc8 {[%clk
00:38:35]} {[%emt 00:00:57]} 27. g3 {[%clk 00:27:37]} {[%emt 00:00:29]} Be7
{[%clk 00:38:18]} {[%emt 00:00:46]} 28. Kg2 {[%clk 00:27:31]} {[%emt 00:00:36]}
h6 {[%clk 00:35:23]} {[%emt 00:03:26]} 29. Be3 {[%clk 00:26:45]} {[%emt
00:01:15]} Be2 {[%clk 00:32:48]} {[%emt 00:03:05]} 30. Kh3 {[%clk 00:26:28]}
{[%emt 00:00:47]} Rc1 {[%emt 00:03:11]} 31. Ng2 {[%clk 00:25:53]} Rh1# {[%clk
00:31:01]} {[%emt 00:00:09]} 0-1